The Ultimate Fast and Furious 2001 Quiz 🎬 - Statistics

General Stats
  • This quiz has been taken 99 times
  • The average score is 14 of 30
Answer Stats
Hint Answer % Correct
Who wins the illegal street race? Dom
88%
Who rescues Vince from the trucker? Brian
76%
Who kills Johnny Tran? Brian
76%
Who saves Dominic from getting arrested after the first race in 'The Fast and the Furious'? Brian
76%
Dom tells Brian that he owes him a _______ car. 10 second
74%
Who does Johnny Tran beat at Race Wars? Jesse
68%
Who does Johnny Tran murder? Jesse
68%
Who does Brian reveal his true identity to after realizing that Dom is about to commit another heist? Mia
65%
When the heist goes bad, who gets trapped on the hood of the truck? Vince
65%
Who shoots up Brian's Eclipse? Johnny
59%
What does Brian always order for lunch? Tuna sandwich
59%
What year did The fast and the furious come out? 2001
54%
Who plays Dominic Toretto? Vin diesel
54%
What is the name of the large street racing event in "The Fast and the Furious" where Dom and Jesse run afoul of Tran? Race wars
49%
How much prison time has Dom done? 2 years
42%
Who does Brian deliver car parts for? Harry
42%
What did Dom nearly beat a man to death with? Wrench
37%
Before the heist, Dom tells Letty he had a dream that they were on a beach in ______. Mexico
36%
Who orders "three of everything" at The Racer's Edge? Hector
35%
How did Dom's dad die? Car crash
33%
What does Mia say to Brian after Dom gives him a job in the garage? He owns you now
33%
What does Brian give Dom after he crashes his Charger into a semi-truck? Keys
33%
What gas is used to "turbo" cars in The Fast and the Furious? Nitrous oxide
33%
How does Brian buy into the first street race? His car
31%
What type of car does the crew drive when they are hijacking semis on the freeway? Honda Civic
28%
What restaurant does Brian take Mia to on their first date? Cha cha cha
26%
Where was The fast and the furious filmed? California
19%
What car is waiting in Dom’s garage in 'The Fast and the Furious'? 1970 Dodge Charger
5%
Where does Mia work? Toretto's Market & Cafe
5%
Why do the cops arrest Brian? Undercover cop
4%
No matching quizzes found
Score Distribution
Percent of People with Each Score
Percentile by Number Answered
Your Score History
You have not taken this quiz